| 000 | 00634cam a22002173a 4500 | ||
|---|---|---|---|
| 001 | 36419 | ||
| 003 | PGUSA | ||
| 005 | 20140828083804.0 | ||
| 008 | 110613s2011||||xxu|||||s|||||000 | eng d | ||
| 040 |
_aPGUSA _beng |
||
| 042 | _adc | ||
| 100 | 1 |
_aScully, W. C. _q(William Charles), _d1855-1943 |
|
| 245 | 1 | 4 |
_aThe White Hecatomb, and other stories _h[electronic resource] / _cW. C. Scully |
| 260 |
_bProject Gutenberg, _c2011 |
||
| 506 | _aPublic domain in the USA. | ||
| 516 | _aElectronic text | ||
| 700 | 1 | _aStanden, A.W. | |
| 830 | 0 |
_aProject Gutenberg _v36419 |
|
| 856 | 4 | 0 | _uhttp://www.gutenberg.org/ebooks/36419 |
| 942 | _cEB | ||
| 999 |
_c265674 _d265674 |
||